000 00596nam a22001697a 4500
999 _c14697
_d14697
003 AR-CdUCM
008 190424b ||||| |||| 00| 0 spa d
040 _aMUNICIPALIDAD PROVINCIAL DEL CUSCO
_cBIBLIOTECA MUNICIPAL DEL CUSCO
082 _aC / 050 /
_bP87
245 _aPromesa /
260 _aCusco :
_bPromesa,
_c1983.
300 _a14 páginas ;
_bimágenes,
_c22 cm.
440 _aPromesa
_n03
_933564
505 _aLa alimentación complementaria ayuda a mejorar el nivel nutritivo -- Una buena alimentación es la base de una buena salud --
942 _2ddc
_cPP
945 _awfj
_d2019-04-24